Research Methodology (Record no. 5270)
[ view plain ]
| 000 -LEADER | |
|---|---|
| fixed length control field | 00490 a2200157 4500 |
| 020 ## - INTERNATIONAL STANDARD BOOK NUMBER | |
| International Standard Book Number | 8170003342 |
| 082 ## - DEWEY DECIMAL CLASSIFICATION NUMBER | |
| Classification number | 001.4 |
| 090 ## - LOCALLY ASSIGNED LC-TYPE CALL NUMBER (OCLC); LOCAL CALL NUMBER (RLIN) | |
| -- | 1314 |
| -- | 1314 |
| 100 ## - MAIN ENTRY--PERSONAL NAME | |
| Personal name | Sinha, S. C. |
| 245 ## - TITLE STATEMENT | |
| Title | Research Methodology |
| Statement of responsibility, etc. | S. C. Sinha. & A. K. Dhiman |
| 260 ## - PUBLICATION, DISTRIBUTION, ETC. | |
| Place of publication, distribution, etc. | New Delhi: |
| Name of publisher, distributor, etc. | Ess Ess Publications, |
| Date of publication, distribution, etc. | 2002. |
| 300 ## - PHYSICAL DESCRIPTION | |
| Extent | 389 p. ; |
| Dimensions | 24 cm. |
| 500 ## - GENERAL NOTE | |
| General note | Includes bibliographical references and index |
| 650 ## - SUBJECT ADDED ENTRY--TOPICAL TERM | |
| Topical term or geographic name entry element | 1.Research Methodology.2.Report Writing.3.Information retrieval. |
| 942 ## - ADDED ENTRY ELEMENTS (KOHA) | |
| Koha item type | Book |
| Call number prefix | 001.4 SIN |
| Withdrawn status | Lost status | Damaged status | Not for loan | Collection code | Permanent Location | Current Location | Shelving location | Date acquired | Source of acquisition | Cost, normal purchase price | Total Checkouts | Full call number | Barcode | Date last seen | Date last checked out | Price effective from | Koha item type |
|---|---|---|---|---|---|---|---|---|---|---|---|---|---|---|---|---|---|
| Computer Science | Central Library (CL) | Central Library (CL) | First Floor - Computer Science | 12/26/2002 | Pak Book Corporation | 1415.50 | 1 | 001.4 SIN | SEECS002870 | 03/07/2019 | 02/06/2019 | 01/05/2017 | Book | ||||
| Computer Science | Central Library (CL) | Central Library (CL) | First Floor - Computer Science | 12/26/2002 | Pak Book Corporation | 1415.50 | 001.4 SIN | SEECS002869 | 11/14/2012 | 01/05/2017 | Book |
